000 00451nam a2200169Ia 4500
003 GCL
008 140319s9999 xx 000 0 eng d
040 _aGCL /
_cGCL
082 0 4 _a895.93
_bK P
100 1 _aKHOMACHAI, SILA
245 1 0 _aTHE PATH OF THE TIGER /
_cKHOMACHAI, SILA
260 _aتايلانــد :
_bTmc ،
_c1998
300 _a18 CM ؛
_c93 P`
650 0 4 _aTHAILAND - LITERATURE
650 0 4 _aTHAILAND - FICTION
942 _2ddc
_cBK
999 _c1868
_d1868